000 00655cam a22002413a 4500
001 27110
003 PGUSA
005 20140828083603.0
008 081031s2008||||xxu|||||s|||||000 1 eng d
040 _aPGUSA
_beng
042 _adc
050 4 _aPS
100 1 _aGallun, Raymond Z.,
_d1911-1994
245 1 4 _aThe Eternal Wall
_h[electronic resource] /
_cRaymond Z. Gallun
260 _bProject Gutenberg,
_c2008
506 _aPublic domain in the USA.
516 _aElectronic text
653 _aScience fiction
653 _aShort stories
830 0 _aProject Gutenberg
_v27110
856 4 0 _uhttp://www.gutenberg.org/ebooks/27110
942 _cEB
999 _c256365
_d256365